书目信息 |
| 题名: |
小学教师课堂教学艺术生成策略研究
|
|
| 作者: | 刘历红 著 | |
| 分册: | ||
| 出版信息: | 北京 中国社会科学出版社 2019.8 |
|
| 页数: | 276页 | |
| 开本: | 24cm | |
| 丛书名: | 西师教育论丛 | |
| 单 册: | ||
| 中图分类: | G622.421 , G622.42 | |
| 科图分类: | ||
| 主题词: | 课堂教学--教学研究--小学 | |
| 电子资源: | ||
| ISBN: | 978-7-5203-4598-9 | |
| 000 | 01791nam 2200325 45 | |
| 001 | 012001001266 | |
| 005 | 20140820161128.0 | |
| 010 | @a978-7-5203-4598-9@dCNY88.00 | |
| 099 | @aCAL 012019116256 | |
| 100 | @a20190809d2019 em y0chiy0110 ea | |
| 101 | 0 | @achi@ceng |
| 102 | @aCN@b110000 | |
| 105 | @aak a 000yy | |
| 106 | @ar | |
| 200 | 1 | @a小学教师课堂教学艺术生成策略研究@Axiao xue jiao shi ke tang jiao xue yi shu sheng cheng ce lue yan jiu@d= A study on the strategies of primary school teachers' classroom teaching art generation@f刘历红著@zeng |
| 210 | @a北京@c中国社会科学出版社@d2019.8 | |
| 215 | @a276页@c图@d24cm | |
| 225 | 2 | @a西师教育论丛@Axi shi jiao yu lun cong |
| 300 | @a并列题名:Study on the strategies of primary school teachers' classroom teaching art generation | |
| 320 | @a有书目 (第256-267页) | |
| 330 | @a促进每个学生生动活泼地健康发展,全面提高教育教学质量,要求教师具有较高的教学艺术水平。但在教学实践中,教学艺术作为一种深层次、内隐性、个性化的默会知识,常难以为人所掌握。而究其实质,教学艺术虽表征不同,但具有家族相似性,即具备相同的DNA。本书运用现象学方法,通过问卷调查、课例分析和教师个案研究,解释教师课堂教学中艺术与不艺术的行为,提取出教学艺术生成的DNA,即“体贴教学”“情绪管理”和“师生角色分化与共享教学”三个紧密联系、彼此促进的课堂教学艺术生成的策略机制;还提供了“明确目标、创设情境、合作探究、巧用评价”等具体方法,帮助更多小学教师提高教学艺术水平。 | |
| 410 | 0 | @12001 @a西师教育论丛 |
| 461 | 0 | @12001 @a西师教育论丛 |
| 510 | 1 | @aStudy on the strategies of primary school teachers' classroom teaching art generation@zeng |
| 606 | 0 | @a课堂教学@x教学研究@x小学 |
| 690 | @aG622.421@v5 | |
| 690 | @aG622.42@v5 | |
| 701 | 0 | @a刘历红@Aliu li hong@4著 |
| 801 | @aCN@bAHXH@c20210922 | |
| 905 | @b1248141-5@dG622.421@e1389@f5 | |
| 小学教师课堂教学艺术生成策略研究= A study on the strategies of primary school teachers' classroom teaching art generation/刘历红著.-北京:中国社会科学出版社,2019.8 |
| 276页:图;24cm.-(西师教育论丛) |
| 并列题名:Study on the strategies of primary school teachers' classroom teaching art generation |
| ISBN 978-7-5203-4598-9:CNY88.00 |
| 促进每个学生生动活泼地健康发展,全面提高教育教学质量,要求教师具有较高的教学艺术水平。但在教学实践中,教学艺术作为一种深层次、内隐性、个性化的默会知识,常难以为人所掌握。而究其实质,教学艺术虽表征不同,但具有家族相似性,即具备相同的DNA。本书运用现象学方法,通过问卷调查、课例分析和教师个案研究,解释教师课堂教学中艺术与不艺术的行为,提取出教学艺术生成的DNA,即“体贴教学”“情绪管理”和“师生角色分化与共享教学”三个紧密联系、彼此促进的课堂教学艺术生成的策略机制;还提供了“明确目标、创设情境、合作探究、巧用评价”等具体方法,帮助更多小学教师提高教学艺术水平。 |
| ● |
| 相关链接 |
|
|
|
|
正题名:小学教师课堂教学艺术生成策略研究
索取号:G622.421/1389
 
预约/预借
| 序号 | 登录号 | 条形码 | 馆藏地/架位号 | 状态 | 备注 |
| 1 | 1248141 | 212481410 | 第一样本阅览室/ [索取号:G622.421/1389] | 在馆 | |
| 2 | 1248142 | 212481429 | 教育系资料室/ [索取号:G622.421/1389] | 在馆 | |
| 3 | 1248143 | 212481438 | 教育系资料室/ [索取号:G622.421/1389] | 在馆 | |
| 4 | 1248144 | 212481447 | 第四借阅区/ [索取号:G622.421/1389] | 在馆 | |
| 5 | 1248145 | 212481456 | 第四借阅区/ [索取号:G622.421/1389] | 在馆 |